Statistics for Historical Events - AD or BC?

Click here to take the quiz!

General Stats

  • This quiz has been taken 33,855 times
    (33,816 since last reset)
  • The average score is 13 of 18

Answer Stats

QuestionAnswer% Correct
Columbus sails to the New WorldAD
97%
William the Conqueror conquers EnglandAD
93%
Great Pyramid built in EgyptBC
93%
Extinction of the Woolly MammothBC
83%
First known summit of Mont Blanc, the highest mountain in the AlpsAD
82%
Trojan WarBC
81%
Construction of StonehengeBC
81%
Most recent time that Babylon was the largest city in the worldBC
78%
First written mention of the city of MoscowAD
77%
Start of IslamAD
75%
Invention of gunpowderAD
73%
Human settlement of New ZealandAD
69%
Birth of Alexander the GreatBC
68%
Birth of the BuddhaBC
66%
Assassination of Julius CaesarBC
64%
Foundation of the Inca EmpireAD
61%
Invention of chessAD
50%
First known heliocentric model of the solar systemBC
37%

Score Distribution

Percentile by Number Answered

Percent of People with Each Score

Your Score History

You have not taken this quiz since the last reset